Guess the Country by Flag (Hard Mode) - Statistics

General Stats
  • This quiz has been taken 351 times
  • The average score is 11 of 12
Answer Stats
Picture Answer % Correct
China
99%
Greece
97%
Turkey
97%
Denmark
95%
Russia
95%
Iceland
89%
Saudi Arabia
89%
Nigeria
88%
Scotland
85%
Vietnam
85%
Wales
82%
Serbia
80%
No matching quizzes found
Score Distribution
Percent of People with Each Score
Percentile by Number Answered
Your Score History
You have not taken this quiz